000 00616nam a22002177a 4500
003 dpl
005 20240401141518.0
008 240305b |||||||| |||| 00| 0 eng d
010 _aENG-139898
020 _a9789350690666
_c90.00
035 _aEN-123430
037 _bDBAD/PUB
040 _c.
082 _a230.35
100 _aKamaraju ,Anil Kumar
_962808
245 _aSeeking within/
260 _aKolkata
_bZoological Survey of India
_c2021
270 _aPrani Vigyan Bhawan, M-Block, New Alipore
_bKolkata
_e700053
300 _a433.Pages
_c21cm,(hbk)
942 _2ddc
_cEN
_h230.35
_mKam
999 _c201724
_d201724